000 00548nam a2200193Ia 4500
003 OSt
005 20221007082724.0
006 a|||||r|||| 00| 0
007 ta
008 221006b |||||||| |||| 00| 0 eng d
024 _a23,061
037 _cDissertations
040 _aFLL
_cFLL
_beng
041 _2eng
_aeng
100 _aKumar Parveen
_9699323
245 0 _aThe theory of relief bars and the divorce structure of the hindu marriage act, 1955
_b some problems
942 _cDIS
_2CC
999 _c1167504
_d1167504